000 00591cam a22002175a 4500
001 L159704
008 150226s2016 xxk f 000 0 eng d
035 _a(Sirsi) u159704
041 0 _aeng
100 1 _aBull, G.
245 0 0 _aHost with the most
260 _c2017
490 _aModus
_vNovember 2016, 32-33 (2)
520 _aReports if Rio's Olympic legacy projects can keep the city competitive while the Brazilian economy falters.
590 _aKA
650 2 4 _aOLYMPIC GAMES 2016
650 2 4 _aTRANSPORT
651 4 _aBrazil
690 _aInfrastructure
_96246
942 _n0
999 _c84924
_d84924